Escritos colegiales: escrits col legials
Bewaard in:
| Hoofdauteur: | |
|---|---|
| Formaat: | Boek |
| Taal: | Spaans |
| Gepubliceerd in: |
Barcelona
Actar
1997
|
| Onderwerpen: | |
| Tags: |
Voeg label toe
Geen labels, Wees de eerste die dit record labelt!
|
MARC
| LEADER | 00000nam a2200000 a 4500 | ||
|---|---|---|---|
| 001 | UCQ8178 | ||
| 003 | CL-VaPUC | ||
| 008 | 981127e19970000SP |||||||||||||||||spa|d | ||
| 082 | 0 | 4 | |a 720.104 |b QUE |2 21 |
| 100 | 0 | |a Quetglas, Josep |e author |9 422004 | |
| 245 | 1 | 0 | |a Escritos colegiales: escrits col legials |
| 300 | |a 286 p | ||
| 942 | |c BK | ||
| 945 | |d 19981127 00:00:00 |a aarredon | ||
| 260 | |a Barcelona |b Actar |c 1997 | ||
| 650 | 0 | |a Arquitectura contemporánea |9 367350 | |
| 650 | 0 | |a Diseño arquitectónico |9 265271 | |
| 650 | 7 | |a ESTILOS ARQUITECTONICOS |2 CL-VaPUC |9 372532 | |
| 650 | 7 | |a MAQUETAS |2 CL-VaPUC |9 372598 | |
| 650 | 0 | |a Escritos |9 255895 | |
| 583 | |a last modification |c 19981127 00:00:00 |k Rodrigo Vera | ||
| 999 | |c 277471 |d 277469 | ||
| 952 | |0 0 |1 0 |4 0 |6 720_104000000000000_QUE_1997 |7 0 |8 P |9 315413 |a BIBARQ |b BIBARQ |d 2019-11-20 |i 3483908 |o 720.104 QUE 1997 |p 3483908 |r 2025-01-20 |w 2019-11-20 |y BK |k ARQ | ||